Diseño geométrico vial y estructura de pavimento articulado de 3 km del tramo Abisinia- El Portillo, municipio de El Cúa, Jinotega

Se propone en este estudio el diseño de geométrico y estructura de pavimentos articulado de 3.00 km del tramo Abisinia y El Portillo, municipio de El Cuá, en el cual se realizó el análisis de transito actual, con el fin de cuantificar el tránsito vehicular, para el diseño apropiado de la est...

Full description

Bibliographic Details
Main Authors: Picado Rizo, Freddy Geraldo, Picado Altamirano, Fares Albenis
Other Authors: Tutor: Navarro Hudiel, Sergio Junior
Format: Tesis Section = Libro
Language:Undetermined
Spanish
Published: Managua UNI/RUACS 2018
Subjects:
LEADER 01700nam a2200289Ia 4500
008 240830s9999 xx 000 0 und d
040 |a BIBLIOTECA-RUPAP Mon 625.85 P585 
041 |a spa 
082 |a Mon 625.85 P585 
100 1 |a Picado Rizo, Freddy Geraldo 
100 1 |b  Picado Altamirano, Fares Albenis 
245 1 0 |a Diseño geométrico vial y estructura de pavimento articulado de 3 km del tramo Abisinia- El Portillo, municipio de El Cúa, Jinotega 
260 |a Managua  |b UNI/RUACS  |c 2018 
300 |a 126 p. :il. 
500 |a Contiene: anexos y CD. 
502 |a Tesis (Ingeniero Civil)- UNI, 2018. 
520 3 |a Se propone en este estudio el diseño de geométrico y estructura de pavimentos articulado de 3.00 km del tramo Abisinia y El Portillo, municipio de El Cuá, en el cual se realizó el análisis de transito actual, con el fin de cuantificar el tránsito vehicular, para el diseño apropiado de la estructura de pavimento aplicando el método AASTHO-93, se realizaron ensayos de suelos para conocer las características físico-mecánico de los materiales existentes a través de la clasificación por el método AASTHO 93, se propone este diseño ya que en la época de invierno, hay dificultad para la accesibilidad de la circulación vehicular y porque quedan incomunicados al no tener caminos adecuados que resistan a los fenómenos climáticos. 
650 7 |a PAVIMENTOS 
650 7 |b PAVIMENTOS DE HORMIGON 
650 7 |c ASFALTOS 
650 7 |d DISEÑO GEOMETRICO VIAL 
650 7 |e ESTUDIO DE TRAFICO 
650 7 |f ESTUDIO TOPOGRAFICO 
700 1 |a Tutor:  |b Navarro Hudiel, Sergio Junior 
942 |c BK  |2 ddc 
991 |a TESIS 
999 |c 16128